000 00503nam a22001697a 4500
005 20240620144944.0
008 240620b |||||||| |||| 00| 0 eng d
020 _a9781405728102 ; 9780406996435
041 _aEnglish
082 _a349 LAW
100 _lEnglish
245 _aThe All England Law Reports: Reprint
260 _aLondon:
_bLexisNexis Butterworth,
_c2008
300 _bxxi, 1266 pages;
_c25 cm.
650 _aLegal practice
_bLaw
942 _cBK
_6ALISON_BN_VRIES
999 _c2014
_d2014